000 nam a22 7a 4500
999 _c9726
_d9726
008 180206b ||||| |||| 00| 0 eng d
100 _aKumar,V.
_95832
245 _aWork Book: Science and Technology-VII
260 _aNew Delhi
_bHoly Faith
_c2007